|
|
|
|
| LEADER |
00794cam a2200169 7i4500 |
| 001 |
0000011326 |
| 005 |
20151104090000.0 |
| 005 |
##20151104112700.0 |
| 003 |
##MY-KlINT |
| 020 |
# |
# |
|a 978184277892
|
| 039 |
# |
9 |
|y 201511041127
|z VLOAD
|
| 090 |
0 |
0 |
|a 338.91
|b CAN
|
| 245 |
0 |
0 |
|a Can NGOs make a difference? :
|b the challenge of development alternatives /
|c edited by Anthony Bebbington, Samuel Hickey and Diana C. Mitlin.
|
| 260 |
# |
# |
|a London:
|b Zed,
|c 2008.
|
| 300 |
# |
# |
|a x, 358p:
|b ill;
|c 24cm.
|
| 500 |
# |
# |
|a Introduction : can NGOs make a difference? The challenge of development alternatives / Anthony J. Bebbington, Samuel Hickey and Diana C. Mitlin -- Have NGOs 'made a difference?' From Manchester to Birmingham with an elephant in the room / Michael Edwa
|
| 999 |
|
|
|a 0000064743
|b BOOK
|c Main Non-Fiction
|e INTAN BK
|